000 00254nam a22001217a 4500
003 SGT
082 _a746
_bGRO
100 _aGROSICKI, Z.I
245 _aWATSON ADVANCED TEXTILE DESIGN
260 _bWOOD HEAD PUB.
_c2004
300 _a435
942 _2ddc
_cBK
999 _c13528
_d13528